The story of Jesus in history and faith (Record no. 22549)

MARC details
000 -LEADER
fixed length control field 00412cam a2200145 i 4500
020 ## - INTERNATIONAL STANDARD BOOK NUMBER
ISBN 9780801039874 (pbk.)
082 00 - DEWEY DECIMAL CLASSIFICATION NUMBER
Classification number 232.908
Author Cutter MCD
100 1# - MAIN ENTRY--AUTHOR NAME
Author name McDonald, Lee Martin,
245 14 - TITLE STATEMENT
Title The story of Jesus in history and faith
260 ## - PUBLICATION, DISTRIBUTION, ETC. (IMPRINT)
Place of publication United States of America
Name of publisher Baker Academic
Year of publication 2013
300 ## - PHYSICAL DESCRIPTION
Number of Pages xx, 393 pages :
Other physical details illustrations, map ;
650 ## - SUBJECT ADDED ENTRY--TOPICAL TERM
Topical Term History of Jesus Christ
942 ## - ADDED ENTRY ELEMENTS (KOHA)
Koha item type Books
Holdings
Home library Current library Shelving location Date acquired Full call number Accession Number Koha item type
Henry Martyn Institute Library Henry Martyn Institute Library General stacks 11/23/2018 232.908 MCD 11003950 Books
Henry Martyn Institute Library Henry Martyn Institute Library General stacks 11/23/2018 232.908 MCD 11003949 Books
                   Copyright © 2026 | Henry Martyn Institute | Hyderabad | TS-500052 | INDIA | Implemented by hmi.edu.in
Hit-Count:

Powered by Koha